[Event "GER-chT U12 Girls"]
[Site "Magdeburg"]
[Date "2023.12.30"]
[Round "7.6"]
[White "Shakhimardanova, Nigina"]
[Black "Ruddat, Maila"]
[Result "0-1"]
[WhiteElo "1067"]
[BlackElo "1187"]
[PlyCount "98"]
[EventDate "2023.12.26"]
[EventType "team-swiss"]
[EventRounds "7"]
[EventCountry "GER"]
[SourceTitle "CB03_2024"]
[SourceDate "2024.01.17"]
[SourceVersion "1"]
[SourceVersionDate "2024.01.17"]
[SourceQuality "1"]
[WhiteTeam "Duesseldorf SK"]
[BlackTeam "Oberschoeneweide"]
[WhiteTeamCountry "GER"]
[BlackTeamCountry "GER"]

1. e4 e5 2. f4 d5 3. exd5 exf4 4. Nf3 Nf6 5. Bc4 Bg4 6. 0-0 Be7 7. d4 0-0 8. Bxf4 Nxd5 9. Bxd5 Qxd5 10. Bxc7 Bd6 11. Bxd6 Qxd6 12. Qd3 Nc6 13. Re1 Bxf3 14. gxf3 Qxd4+ 15. Kg2 Qxd3 16. cxd3 Nd4 17. Rc1 Rfe8 18. Kf2 Re2+ 19. Kg3 Rxb2 20. Nc3 Ne2+ 21. Nxe2 Rxe2 22. Rd1 h6 23. d4 Rd8 24. d5 Re7 25. Rd4 Rd6 26. Rad1 Re2 27. a4 Re8 28. Re4 Red8 29. Red4 a6 30. Kf4 b5 31. axb5 axb5 32. Ke4 Kf8 33. Rb4 Rb8 34. Ke5 Ke7 35. Re1 Kd7 36. Kd4 Rbb6 37. Rd1 Rf6 38. Ke4 Kd6 39. Rc1 g5 40. h3 Rf4+ 41. Ke3 Rxb4 42. Rd1 Rf4 43. Kf2 b4 44. Ke3 b3 45. Kf2 b2 46. Rb1 Rc4 47. Ke3 Rc1 48. Rxc1 bxc1Q+ 49. Kd4 Rb4+ 0-1